000 00769nam a22002057a 4500
005 20251108165546.0
008 250721s1972 xx 000 0 ara d
082 1 4 _aم/331.026565/موس
100 1 _aنفاع، موسى
245 1 0 _aمجموعة المبادئ القانونية في دعاوى و منازعات العمل مع ملحق يشتمل على الضمان الإجتماعي لموظفي الحكومة و مستخدميها /
250 _aط3 .، منقحة و مزيدة
264 1 _aعمان :
_c1972.
300 _a256ص
500 _aيوجد منه نسخة في قاعة المطالعة
650 1 7 _aالعمل و العمال
650 1 7 _aالأردن
650 1 7 _aقانون العمل
942 _2ddc
_cREF
999 _c30742
_d30742